000 00250nam a2200109Ia 4500
005 20251222144827.0
008 251222s9999||||xx |||||||||||||| ||spa||
082 _a338/C76
245 0 _aRĂ©gimen Industrial del PerĂº
264 _bCONACO
942 _cLIB
999 _c20717
_d20717